[Event "Lagan Grey Kaspian Sea-C"]
[Site "Lagan"]
[Date "2007.07.23"]
[Round "?"]
[White "Badma Gorjaev, Andrey"]
[Black "Kokldanov, Feodor"]
[Result "1-0"]
[WhiteElo "1719"]
[BlackElo "1664"]
[PlyCount "65"]
[EventDate "2007.07.23"]
[EventType "tourn"]
[EventRounds "9"]
[EventCountry "RUS"]
[SourceTitle "EXT 2022"]
[Source "ChessBase"]
[SourceDate "2021.10.06"]
[SourceVersion "1"]
[SourceVersionDate "2021.10.06"]
[SourceQuality "1"]

1. d4 Nf6 2. c4 e5 3. dxe5 Ng4 4. e4 Nxe5 5. f4 Ng6 6. Be3 Bb4+ 7. Nd2 0-0 8. a3 Bxd2+ 9. Qxd2 d6 10. 0-0-0 f5 11. e5 Qe7 12. exd6 cxd6 13. Nf3 Na6 14. h4 Re8 15. Re1 Qc7 16. Ng5 Be6 17. Nxe6 Rxe6 18. g4 Ne7 19. Bd4 Rxe1+ 20. Qxe1 Nc6 21. Bc3 Qd7 22. Bg2 Re8 23. Bd5+ Kh8 24. Qg1 fxg4 25. h5 h6 26. Rh4 Re7 27. Rxg4 Nc7 28. Rg6 Nxd5 29. cxd5 Kg8 30. dxc6 bxc6 31. Rxh6 Qf5 32. Rg6 Qxf4+ 33. Kb1 1-0